000
00316nam a2200133 4500
999
_c
11601
_d
11601
003
OSt
005
20230531194605.0
008
230531b ||||| |||| 00| 0 eng d
100
_a
Walter bor
245
_a
Walter bor the making of cities
260
_a
London
_b
Leonard hill book
300
_a
256p.;
942
_2
ddc